The dawning place : (Record no. 22279)

000 -LEADER
fixed length control field 01098cam a2200289 a 4500
001 - CONTROL NUMBER
control field 4715807
003 - CONTROL NUMBER IDENTIFIER
control field OSt
005 - DATE AND TIME OF LATEST TRANSACTION
control field 20170123162310.0
008 - FIXED-LENGTH DATA ELEMENTS--GENERAL INFORMATION
fixed length control field 831125s1984 ilua b 001 0 eng
010 ## - LIBRARY OF CONGRESS CONTROL NUMBER
LC control number 83025852
020 ## - INTERNATIONAL STANDARD BOOK NUMBER
International Standard Book Number 0877431922 :
Terms of availability $20.00
020 ## - INTERNATIONAL STANDARD BOOK NUMBER
International Standard Book Number 0877431930 (pbk.) :
Terms of availability $11.50
040 ## - CATALOGING SOURCE
Original cataloging agency DLC
Transcribing agency DLC
Modifying agency DLC
-- OCoLC
043 ## - GEOGRAPHIC AREA CODE
Geographic area code n-us---
-- n-us-il
050 00 - LIBRARY OF CONGRESS CALL NUMBER
Classification number NA5235.W483W5 1984
082 00 - DEWEY DECIMAL CLASSIFICATION NUMBER
Classification number 726/.1789/097731
Edition number 19
100 1# - MAIN ENTRY--PERSONAL NAME
Personal name Whitmore, Bruce W.,
Dates associated with a name 1984
245 14 - TITLE STATEMENT
Title The dawning place :
Remainder of title the building of a temple, the forging of the North American Bahá'í community /
Statement of responsibility, etc. by Bruce W. Whitmore.
260 ## - PUBLICATION, DISTRIBUTION, ETC. (IMPRINT)
Place of publication, distribution, etc. Wilmette, Ill. ;
Name of publisher, distributor, etc. Bahá'í Pub. Trust,
Date of publication, distribution, etc. 1984.
300 ## - PHYSICAL DESCRIPTION
Extent xi, 331 p. :
Other physical details ill. ;
Dimensions 24 cm.
500 ## - GENERAL NOTE
General note Includes bibliographical references and index.
610 20 - SUBJECT ADDED ENTRY--CORPORATE NAME
Corporate name or jurisdiction name as entry element Bahá'í Temple (Wilmette, Ill.)
650 #0 - SUBJECT ADDED ENTRY--TOPICAL TERM
Topical term or geographic name as entry element Bahai Faith
Geographic subdivision United States.
651 #0 - SUBJECT ADDED ENTRY--GEOGRAPHIC NAME
Geographic name Wilmette (Ill.)
General subdivision Buildings, structures, etc.
906 ## - LOCAL DATA ELEMENT F, LDF (RLIN)
a 7
b cbc
c orignew
d 1
e ocip
f 19
g y-gencatlg
942 ## - ADDED ENTRY ELEMENTS (KOHA)
Source of classification or shelving scheme
Koha item type Hard Covered Materials
Classification part NA5235.W483W5 1984
Call number prefix 31552
Holdings
Withdrawn status Lost status Source of classification or shelving scheme Damaged status Not for loan Home library Current library Shelving location Date acquired Source of acquisition Total Checkouts Full call number Barcode Date last seen Price effective from Koha item type
          MACHAKOS UNIVERSITY LIBRARY MACHAKOS UNIVERSITY LIBRARY Technical section 23/01/2017 Donation(BFA)   NA5235.W483W5 1984 31552 10/07/2018 23/01/2017 Hard Covered Materials
© Machakos University Library, Along The Highway, Machakos Wote Rd, Machakos, Kenya P.O. Box 136 - 90100 Machakos - Kenya

Tel: ( +254 ) 723 805829 OR Fax : 044-20353 OR Email: library@mksu.ac.ke